RM (Record no. 105475)

MARC details
000 -LEADER
fixed length control field 01479cam a2200265 4500
001 - CONTROL NUMBER
control field ##L133783
008 - FIXED-LENGTH DATA ELEMENTS--GENERAL INFORMATION
fixed length control field 060609n2006 000 0 eng u
020 ## - INTERNATIONAL STANDARD BOOK NUMBER
International Standard Book Number 0418829306
035 ## - SYSTEM CONTROL NUMBER
System control number (Sirsi) u133783
041 0# - LANGUAGE CODE
Language code of text/sound track or separate title eng
050 04 - LIBRARY OF CONGRESS CALL NUMBER
Classification number 692.8 $2 18
110 2# - MAIN ENTRY--CORPORATE NAME
Corporate name or jurisdiction name as entry element Joint Contracts Tribunal
9 (RLIN) 3664
245 00 - TITLE STATEMENT
Title RM
Remainder of title Repair and Maintenance Contract (Commercial) 2006
260 ## - PUBLICATION, DISTRIBUTION, ETC.
Place of publication, distribution, etc. London
Name of publisher, distributor, etc. Sweet and Maxwell
Date of publication, distribution, etc. 2006
300 ## - PHYSICAL DESCRIPTION
Extent 18p.
Dimensions 30cm.
350 ## - PRICE (NR) (BK AM CF MU VM SE) [OBSOLETE]
Price 15.95
490 #0 - SERIES STATEMENT
Series statement JCT Repair and Maintenance Contract (Commercial) (2006 Edition)
505 2# - FORMATTED CONTENTS NOTE
Formatted contents note Invitation to tender -- Contract particulars -- Tender by contractor -- Conditions -- Definitions and interpretation -- Carrying out the works -- Control of the works -- Payment -- Indemnities and insurance -- Termination -- Settlement of disputes -- Guidance notes
520 ## - SUMMARY, ETC.
Summary, etc. Appropriate where no work involves the repair and maintenance of a building, and where no independent contract administrator is to be appointed. Can be used by both private and local authority employers. Not suitable for periodic repair or maintenance over a fixed term, nor the regular maintenance of plant, etc, nor for work on a dwelling by a residential occupier.
650 24 - SUBJECT ADDED ENTRY--TOPICAL TERM
Topical term or geographic name entry element JCT REPAIR AND MAINTENANCE CONTRACT (COMMERCIAL) (2006 EDITION)
651 #4 - SUBJECT ADDED ENTRY--GEOGRAPHIC NAME
Geographic name United Kingdom
Chronological subdivision
690 ## - LOCAL SUBJECT ADDED ENTRY--TOPICAL TERM (OCLC, RLIN)
Topical term or geographic name as entry element BUILT ENVIRONMENT-BUILDING CONTRACT FORMS-STANDARD FORMS OF BUILDING CONTRACT-JOINT CONTRACTS TRIBUNAL CONTRACTS
942 ## - ADDED ENTRY ELEMENTS (KOHA)
Suppress in OPAC 0
Holdings
Withdrawn status Lost status Source of classification or shelving scheme Damaged status Not for loan Home library Current library Shelving location Date acquired Cost, normal purchase price Total Checkouts Full call number Barcode Date last seen Copy number Cost, replacement price Price effective from Koha item type
    Dewey Decimal Classification     London London Boxed set 10/08/2006 13.56   JCT 2006/1 30073060 06/08/2019 1 13.56 06/08/2019 Reference material